000 00344nam a2200145 i 4500
001 bg
100 1 _aBIEŃKOWSKI, Zdzisław
245 0 _aPoradnik ultrakrótkofalowca /
_cZ.Bieńkowski.
260 _aWarszwa,
_c1988.
040 _cBPK
041 _apol
080 _a621.396.721
942 _cKS
008 s pl f |000 0 pol
999 _c28635
_d28635
856 _uhttp://koha.tu.koszalin.pl/cgi-bin/koha/opac-detail.pl?biblionumber=28635
_yKatalog online BPK